000 00870nam a2200241Ia 4500
003 GCL
008 140319s9999 xx 000 0 ara d
020 _a9135064977
040 _aGCL /
_cGCL
082 0 4 _a621.384135
_bف ت
100 1 _aفاروق محمد العامرى
245 1 0 _aتصميم و صناعة الهوائى الطبقى=DESIGN & PRODUCTION OF DISH ANTENNA :
_bالجزء الرابع /
_cفاروق محمد العامرى
250 _aالاولى
260 _aالقاهرة :
_bالدار المصرية اللبنانية ،
_c1994
300 _a179:
_bايض ؛
_c24 سم
490 _a
650 0 4 _aالهندسة الالكترونية
650 0 4 _aالاجهزة الالكترونية
650 0 4 _aالرياضيات
650 0 4 _aالاقمار الصناعية
650 0 4 _aالالكترونيات
942 _2ddc
_cBK
999 _c58977
_d58977